000 00332nam a2200109Ia 4500
008 201216s9999 xx 000 0 und d
100 _aAlexander Hamilton Institute, Inc.
245 0 _aConflict Management : Vital Skills For The Successful Executive
260 _aNew York
_bAlerxander Hamilton Institute
300 _a130
942 _cBK
999 _c6125
_d6125